Dota 2 Ultimate Abilities - Statistics

General Stats
  • This quiz has been taken 25 times
  • The average score is 82 of 127
Answer Stats
Hint Answer % Correct
Clockwerk Hookshot
100%
Faceless Void Chronosphere / Time Zone
93%
Phantom Assassin Coup de Grace
93%
Axe Culling Blade
93%
Alchemist Chemical Rage
93%
Legion Commander Duel
93%
Tusk Walrus PUNCH!
93%
Doom Doom
93%
Earthshaker Echo Slam
93%
Kunkka Ghost Ship
93%
Lifestealer Infest
93%
Anti-Mage Mana Void
93%
Juggernaut Omnislash
93%
Tidehunter Ravage
93%
Centaur Warrunner Stampede
93%
Medusa Stone Gaze
93%
Bounty Hunter Track
93%
Mars Arena of Blood
86%
Razor Eye of the Storm
86%
Tiny Grow
86%
Omniknight Guardian Angel
86%
Earth Spirit Magnetize
86%
Mirana Moonlight Shadow
86%
Ogre Magi Multicast
86%
Chaos Knight Phantasm
86%
Wraith King Reincarnation
86%
Bloodseeker Rupture
86%
Phoenix Supernova
86%
Bristleback Warpath
86%
Slardar Corrosive Haze
79%
Pudge Dismember
79%
Luna Eclipse
79%
Lion Finger of Death
79%
Sven God's Strength
79%
Lina Laguna Blade
79%
Huskar Life Break
79%
Drow Ranger Marksmanship
79%
Morphling Morph
79%
Treant Protector Overgrowth
79%
Necrophos Reaper's Scythe
79%
Naga Siren Song of the Siren
79%
Enchantress Untouchable
79%
Sniper Assassinate
71%
Dark Willow Bedlam/Terrorize
71%
Gyrocopter Call Down
71%
Timbersaw Chakram
71%
Witch Doctor Death Ward
71%
Puck Dream Coil
71%
Dragon Knight Elder Dragon Form
71%
Ursa Enrage
71%
Ember Spirit Fire Remnant
71%
Silencer Global Silence
71%
Chen Hand of God
71%
Spectre Haunt
71%
Ancient Apparition Ice Blast
71%
Invoker Invoke
71%
Phantom Lancer Juxtapose
71%
Jakiro Macropyre
71%
Spirit Breaker Nether Strike
71%
Primal Beast Pulverize
71%
Tinker Rearm
71%
Shadow Fiend Requiem of Souls
71%
Terrorblade Sunder
71%
Weaver Time Lapse
71%
Lone Druid True Form
71%
Monkey King Wukong's Command
71%
Lich Chain Frost
64%
Elder Titan Earth Splitter
64%
Pugna Life Drain
64%
Templar Assassin Psionic Trap
64%
Slark Shadow Dance
64%
Lycan Shapeshift
64%
Hoodwink Sharpshooter
64%
Clinkz Skeleton Walk
64%
Broodmother Spawn Spiderlings
64%
Rubick Spell Steal
64%
Disruptor Static Storm
64%
Dark Seer Wall of Replica
64%
Meepo Divided We Stand
57%
Undying Flesh Golem
57%
Crystal Maiden Freezing Field
57%
Vengeful Spirit Nether Swap
57%
Leshrac Pulse Nova
57%
Kez Raptor Dance / Raven's Veil
57%
Queen of Pain Sonic Wave
57%
Viper Viper Strike
57%
Storm Spirit Ball Lightning
50%
Troll Warlord Battle Trance
50%
Enigma Black Hole
50%
Abaddon Borrowed Time
50%
Shadow Demon Demonic Purge
50%
Underlord Fiend's Gate
50%
Bane Fiend's Grip
50%
Batrider Flaming Lasso
50%
Beastmaster Primal Roar
50%
Io Relocate
50%
Magnus Reverse Polarity
50%
Outworld Destroyer Sanity's Eclipse
50%
Grimstroke Soulbind
50%
Keeper of the Light Spirit Form
50%
Winter Wyvern Winter's Curse
50%
Sand King Epicenter
43%
Death Prophet Exorcism
43%
Brewmaster Primal Split
43%
Pangolier Rolling Thunder
43%
Zeus Thundergod's Wrath
43%
Nyx Assassin Vendetta
43%
Nature's Prophet Wrath of Nature
43%
Oracle False Promise
36%
Shadow Shaman Mass Serpent Ward
36%
Snapfire Mortimer's Kisses
36%
Skywrath Mage Mystic Flare
36%
Muerta Pierce the Veil
36%
Dawnbreaker Solar Guardian
36%
Visage Summon Familiars
36%
Largo Amphibian Rhapsody
29%
Riki Cloak and Dagger
29%
Windranger Focus Fire
29%
Dazzle Nothl Projection
29%
Techies Proximity Mines
29%
Arc Warden Tempest Double
29%
Ringmaster Wheel of Wonder
29%
Warlock Chaotic Offering
21%
Night Stalker Dark Ascension
21%
Marci Unleash
21%
Void Spirit Astral Step
14%
Venomancer Noxious Plague
7%
No matching quizzes found
Score Distribution
Percent of People with Each Score
Percentile by Number Answered
Your Score History
You have not taken this quiz